Religion Quiz

Random Religion or Book Quiz

Bible Books by Last Word Quiz Stats

 Plays Quiz Updated Sep 4, 2014

Support Sporcle.
Go Orange.
Score 0/66 Timer 10:00
4 Plays Today
Books Last Word % Correct
RomansAmen
79.4%
1 CorinthiansAmen
79.3%
GalatiansAmen
79.3%
PhilippiansAmen
79.3%
2 PeterAmen
79.3%
JudeAmen
79.3%
RevelationAmen
79.3%
NehemiahGod
71.5%
AmosGod
71.4%
LukeGod
71.4%
PsalmsLord
48.4%
ObadiahLord's
48.4%
ZephaniahLord
48.4%
Colossiansyou
36.8%
1 Thessaloniansyou
36.8%
Ephesianslove
34.9%
1 PeterChrist
29.1%
DeuteronomyIsrael
27.7%
1 Timothyall
26%
2 Timothyall
26%
2 Corinthiansall
25.6%
2 Thessaloniansall
25.6%
Titusall
25.6%
Hebrewsall
25.6%
Markit or afraid, according to the earliest manuscripts
24.3%
Genesis Egypt
23.8%
RuthDavid
21.4%
Hoseathem
19.2%
2 Chroniclesthem
19%
1 Samueldays
16.9%
Philemonspirit
16.7%
Jeremiahdeath
16.7%
1 Kingsdone
15.5%
Books Last Word % Correct
Matthewage
14.9%
Ezekielthere
13.4%
Jobyears
11.5%
3 Johnname
11.4%
Johnwritten
9.4%
Ecclesiastesevil
9.4%
LeviticusIsraelites
8.7%
EstherJews
8.6%
Jamessins
8.3%
NumbersJericho
7.7%
HaggaiAlmighty
7.5%
ZechariahAlmighty
7.5%
Exodustravels
7.3%
1 Chronicleslands
7.2%
2 Kingslived
7.1%
2 Johngreetings
6.8%
1 Johnidols
6.6%
JoshuaEphraim
6.3%
Proverbsgate
6.2%
Judgesfit
6.1%
Isaiahmankind
5.8%
Jonahanimals
5.7%
Song of Songsmountains
5.5%
JoelZion
5.4%
Ezrawives
5.3%
Malachidestruction
5.2%
Actshindrance
4.6%
2 Samuelstopped
4.6%
Habakkukinstruments
4.4%
Danielinheritance
4.4%
Micahago
4.4%
Nahumcruelty
4%
Lamentationsmeasure
3.9%

From the Vault

Triple Homophones

by Shanamah

Honestly, it is a wonder that anyone masters the English language.
Remove Ads.
Support Sporcle.
Get the best of Sporcle when you Go Orange. This ad-free experience offers more features, more stats, and more fun while also helping to support Sporcle. Thank you for becoming a member.

Show Comments

Extras

Top Quizzes Today


Score Distribution

Your Account Isn't Verified!

In order to create a playlist on Sporcle, you need to verify the email address you used during registration. Go to your Sporcle Settings to finish the process.

Report this User

Report this user for behavior that violates our Community Guidelines.

Details: